00783naa#a2200181#i#4500001002300000005001700023011001400040100004100054102000700095200010700102210005100209215001000260608002700270675022200297700003100519700003600550856001500586EN\INFRA-M\bibl\11656920260516160408.6##a2500-0527##a20260427b2026####ek#y0engy0150####ca##aRU1#aThe index method in the analysis of the economic activity of agricultural enterpriseseJournal article1#aMoscowcINFRA-M Academic Publishing LLC.d2026##a7 с.##aJournal article2local##aЭкономика. Народное хозяйство. Экономические науки. 33aЭкономика сельского хозяйства. Продовольственный комплекс. 338.43#1aBaranovagIrina Viktorovna#1aSel'skayagViktoriya Viktorovna4#anaukaru.ru